| 000 | 00587nam a22001337a 4500 | ||
|---|---|---|---|
| 040 | _cRUA | ||
| 082 | _aAGR CHH 2015 B535 Or.1 | ||
| 100 | _aCHHAY SAMPHORS; ឆាយ សម្ផស្ស | ||
| 245 | _aYield potential of advanced rice breeding lines with medium duration in dry season, សក្ដានុពលទិន្នផលនៃស្រឡាយស្រូវកណ្ដាលនៅក្នុងលក្ខខណ្ឌស្រូវកណ្ដាល | ||
| 260 |
_aPhnom Penh _bCHH _c2015 |
||
| 300 |
_ax,52p. _bill. _c29cm. |
||
| 856 | _uCHHAY SAMPHORS | ||
| 942 | _cAGR | ||
| 999 |
_c10893 _d10893 |
||